00401nam a2200121Ia 4500008004100000040001700041041001200058082001600070100001300086245013000099260003900229300001100268230917s9999||||xx |||||||||||||| ||und|| e201800aMAIN aEnglish a342.7 J559F aJha, R C 0aFundamental rights and doctrine of sovereignimmunity: Reflection on the Indian Constitution for the protection of human right aDelhibSheriden Book Companyc1995 a131 p.